000 00546nam a2200169Ia 4500
005 20250923144559.0
008 008 250917s9999 xx 000 0 eng d
037 _aTextual
040 _aDSWL
_beng
_cDSWL
041 _aeng
_2eng
084 _aY15-31:7:7p44Q7, N57, N57
_qDSWL
245 0 _aAll pakistan village aid seminar on women's wovla
_cby Government of Pakistan.
260 _b University of economic affairs
_c1957
300 _a90p.
942 _cTEXL
_hY15-31:7:7p44Q7, N57, N57
999 _c1440783
_d1440783